Quizzes
Events
Quiz Creation
Community
Videos
Private Events
Remove Ads
Sign In
Join for FREE
Feedback
Dark Mode
Quiz Categories
Sports
Geography
Music
Movies
Television
Just For Fun
Miscellaneous
History
Literature
Language
Science
Gaming
Entertainment
Religion
Holiday
For Kids
Quiz Lab
Recent
Popular Today
Quiz Kudos Today
Editor Picks
Curator Picks
Quizzes by...
Day
Popularity
Type
Ratings
Length
Year
Community
Subscriptions
Recent Discussions
Orange Saloon
Badges
Playlists
Quests
Create
Leaderboards
Showdown
Live 5
Trivia Bingo
Activity
Puzzle Library
Sporcle Events
Private Events
Virtual Trivia
Globe League
Become a Host
Pub Owners
SporcleCon
Opinionation
Our Games
Videos
Blog
Mobile Apps
Partnerships
Remove Ads and Go Orange
Feedback
Just For Fun
Clickable
Get the Picture
Humor
Quick Pick
Word Ladder
Missing Word
Mixed Word
Blitz
Minefield
This or That
Alphabet
Color
Typing
Sporcle
Puzzle
Word Play
Follow That Line
Logic
Just For Fun
Clickable
Get the Picture
Humor
Quick Pick
Word Ladder
Missing Word
Mixed Word
Blitz
Minefield
This or That
Alphabet
Color
Typing
Sporcle
Puzzle
Word Play
Follow That Line
Logic
Random Quiz
Search Sporcle
×
Quiz Lab
Quiz Lab
Just For Fun
French
Type in answers that appear in a list
Type in answers that appear in a list
Classic
Best Score? Go Orange.
Blitz: French Numbers 1-50 Stats
Can you name the French numbers from 1 to 50?
By
PokeDude724
2m
50 Questions
2,852 Plays
2,852 Plays
2,852 Plays
Comments
Comments
Give Quiz Kudos
Give Quiz Kudos
-
- Ratings
hide this ad
No Skip
Answers have to be entered in order without skipping
Answers have to be entered in order without skipping
Replay
Link that replays current quiz
Next Quiz
Link to next quiz in quiz playlist
You Got
0%
They Got
Avg Score
41%
Avg Friend Score
Upgrade to see
Score Distribution
Jump to the score distribution portion of the page
Score
0/50
Timer
02:00
0
Plays Today
Number
Number in French
% Correct
?
???
100%
?
???
96.5%
?
???
93.7%
?
???
90.5%
?
???
88.9%
?
???
88.1%
?
???
87.1%
?
???
85.7%
?
???
84.6%
?
???
83.9%
?
???
82.2%
?
???
79.2%
?
???
73.6%
?
???
67.2%
?
???
61.6%
?
???
58.4%
?
???
55.7%
?
???
54.1%
?
???
52.6%
?
???
50.5%
?
???
46.6%
?
???
42.4%
?
???
40%
?
???
36.5%
?
???
33.9%
Number
Number in French
% Correct
?
???
31.4%
?
???
28.9%
?
???
26.9%
?
???
25.1%
?
???
22.9%
?
???
20.8%
?
???
18.9%
?
???
17.4%
?
???
15.6%
?
???
14.4%
?
???
13.4%
?
???
12.5%
?
???
11.3%
?
???
10.4%
?
???
8.4%
?
???
7.7%
?
???
6.9%
?
???
6%
?
???
4.9%
?
???
4.5%
?
???
3.7%
?
???
3.1%
?
???
2.6%
?
???
2.2%
?
???
1.7%
Quiz Playlist
Details
Report
Send in Message
Add To Playlist
Classic:
Type in answers that appear in a list
No Skip:
Answers have to be entered in order without skipping
Quiz Source
Last Updated: Jul 8, 2017
Quiz Scoreboard
CHALLENGE
Sign Up to Join the Scoreboard
Show All
Scores
Hide
Comments
May contain spoilers
Recently Published
College Basketball Coaching Resumes
by pancakes188
Sports
9m
Billboard Blitz: Fleetwood Mac
by CooCooCachoo
Music
15s
Presidents Visiting Landmarks
by Hejman
History
7m
More to Explore
Quiz From the Vault
Featured Blog Post
Where Did the Easter Bunny Come From?
hide this ad
You Might Also Like...
Tags
French Quiz
Numbers Quiz
1-50
English
Today's Top Quizzes in Just For Fun
Browse Just For Fun
hide this ad
Today's Top Quizzes in French
Browse French
Top Contributed Quizzes in Just For Fun
1
Killer Double Trees 224 - Colour Match-Up
2
Spring Typing Challenge
3
Crossword Whiteout! 49
4
Zeroing In: Just For Fun
5
Survivor Winners Logic Puzzle
6
Harry Potter Logic - 'In Chains' II
7
Word Ladder: Ahoy Matey
8
Kyle's 122nd Triple Trees
9
Word Ladder: Wilderness Weapon
10
Name Just One - 10 to 1: Just For Fun
Explore More
Trending Topics
Kpop
NBA
Disney
Marvel
Crossword
Harry Potter
Anime
Puzzle
Soccer
The Office
Song
Country
NFL
Pokémon
WWE
hide this ad
More By:
PokeDude724
Quiz
Plays
Rating
Category
Featured
Created
Blitz: French Numbers 1-50
2,852
2.40
Just For Fun
Oct 2, 2011
The Pokémon Master Quiz
1,977
3.00
Gaming
Nov 10, 2011
Pokémon That DON'T Evolve by Level-Up
791
4.58
Gaming
Oct 14, 2011
Name the last Pokemon in the Pokedex that...(Gen. 1-5)
495
4.22
Gaming
Mar 20, 2011
Best Super Bowl Teams by Winning %
94
2.33
Sports
Jan 15, 2011
Go to Creator's Profile
Score Distribution
Quiz Creator Spotlight
PokeDude724
Follow
Send a Message
Quizzes Created
-
Created Quiz Play Count
-
More By This Creator
Popular Quizzes Today
1
Find the US States - No Outlines Minefield
2
Find the Countries of Europe - No Outlines Minefield
3
The Countries of the World
4
Find the US States
5
Risky Map Clicking: Biggest States A-Z
6
US States
7
Popular People in 1961
8
Movies - When Are They Set?
More Just For Fun Quizzes
Missing Word: TV Shows Led by Women
Published
Trending Quizzes
Risky Map Clicking: Least Populous States A-Z
1-10 Letter G Words
1-10 Letter F Words
Risky Map Clicking: Next State Alphabetically
Risky Map Clicking: Biggest States A-Z
Recently Updated
Leaping Animals
pecheneg
Reality TV Shows (A-Z)
bhenderson79
Rickey Henderson's Hall of Fame Teammates
pecheneg
Champions League XIs: Arsenal
pecheneg
Quick Pick: Celebrities in WWE's Hall of Fame
aduchscher
A-Z Keypad Blitz II
pecheneg
Multiple Oscar Actors
pecheneg
Mystery Phrase Blitz: Oscar 'Best Actors'
pecheneg
F. Scott Fitzgerald Novels
LTH
Pick 3 Villains
ddd62291
Trending Topics
Kpop
Disney
Crossword
Marvel
Anime
NBA
Harry Potter
Soccer
The Office
NFL
Pokémon
WWE
Puzzle
Song
Country
Your Account Isn't Verified!
In order to create a playlist on Sporcle, you need to verify the email address you used during registration. Go to your
Sporcle Settings
to finish the process.
Report this User
Report this user for behavior that violates our
Community Guidelines
.
Details:
Send Report
Go to the Sporcle.com Mobile Site →
Comments